[Event "Tourn. n10160"]
[Site "www.echecsemail.com"]
[Date "2019.08.23"]
[Round "1"]
[White "Bevittsmith"]
[Black "Apdash"]
[WhiteElo "2270"]
[BlackElo "2230"]
[Result "1-0"]
[Round "1"]
1.e4 c5
2.Ng1f3 d6
3.d4 cxd4
4.Nf3xd4 Nb8c6
5.Nb1c3 Ng8f6
6.Bf1e2 g6
7.Bc1e3 Bf8g7
8.O-O O-O
9.Qd1d2 Bc8d7
10.Ra1d1 a6
11.h3 b5
12.a3 Nc6xd4
13.Be3xd4 Ra8c8
14.Be2d3 Bd7c6
15.f3 e5
16.Bd4e3 d5
17.exd5 Nf6xd5
18.Nc3xd5 Qd8xd5
19.Qd2f2 Qd5e6
20.Qf2h4 f5
21.Be3h6 e4
22.fxe4 Bc6xe4
23.Bd3xe4 fxe4
24.Bh6xg7 Rf8xf1
25.Rd1xf1 Kxg7
26.c3 e3
27.Qh4d4 Kg8
28.Rf1f6 Qe6e7
29.Qd4d5 Kg7
30.Rf6e6 Qe7f7
31.Qd5e5 Kg8
32.Qe5xe3 Rc8f8
33.Re6xa6 Qf7f1
34.Kh2 Rf8f2
35.Ra6a8 Kg7
36.Ra8a7 Rf2f7
37.Qe3e5 Kg8
38.Qe5e8 Rf7f8
39.Qe8e6 Kh8
40.Qe6e5 Qf1f6
41.Qe5xf6 Rf8xf6
42.Ra7a5 Rf6b6
43.b4 Kg7
44.a4 bxa4
45.Ra5xa4 Rb6c6
46.Ra4a3 Rc6c4
47.b5 Kf6
48.b6 Rc4c8
49.b7 Rc8b8
50.Ra3b3 Ke6
51.Kg3 Kd6
52.Kg4 Kc6
53.Kg5 Rb8xb7
54.Rb3xb7 Kxb7
55.Kh6 Kc6
56.g4 { resign }
1-0

[Event "Tourn. n10171"]
[Site "www.echecsemail.com"]
[Date "2019.08.23"]
[Round "1"]
[White "Fereike"]
[Black "Cal"]
[WhiteElo "1370"]
[BlackElo "1700"]
[Result "0-1"]
[Round "1"]
1.c3 Ng8f6
2.Qd1c2 e5
3.e4 d6
4.b4 Bc8d7
5.b5 b6
6.c4 c5
7.Nb1c3 Bf8e7
8.d3 h6
9.f4 O-O
10.Ng1f3 a6
11.f5 axb5
12.cxb5 Ra8a5
13.a4 Nf6h7
14.Bc1b2 Bd7c8
 { time }
0-1

[Event "Match"]
[Site "www.echecsemail.com"]
[Date "2019.08.23"]
[Round "1"]
[White "Zubarev"]
[Black "Paco"]
[WhiteElo "1739"]
[BlackElo "1970"]
[Result "0-1"]
[Round "1"]
1.d4 d5
2.Nb1c3 Ng8f6
3.Ng1f3 h6
4.e3 Bc8g4
5.Bf1e2 Nb8c6
6.O-O Qd8d7
7.Bc1d2 O-O-O
8.h3 Bg4e6
9.Be2b5 a6
10.Nf3e5 Qd7e8
11.Bb5xc6 bxc6
 { time }
0-1

[Event "Tourn. n10186"]
[Site "www.echecsemail.com"]
[Date "2019.08.23"]
[Round "1"]
[White "Ditto"]
[Black "Picifarkinca"]
[WhiteElo "1850"]
[BlackElo "1750"]
[Result "1-0"]
[Round "1"]
1.e4 e6
2.d4 d5
3.exd5 exd5
4.Ng1f3 Bf8d6
5.Nb1c3 c6
6.Bc1g5 Qd8c7
7.Qd1e2 Ng8e7
8.Qe2e3  { time }
1-0

[Event "Tourn. n10181"]
[Site "www.echecsemail.com"]
[Date "2019.08.23"]
[Round "1"]
[White "Picifarkinca"]
[Black "Ditto"]
[WhiteElo "1730"]
[BlackElo "1870"]
[Result "0-1"]
[Round "1"]
1.c4 e5
2.g3 Nb8c6
3.Bf1g2 Bf8c5
4.e3 d6
5.Nb1c3 Bc8f5
6.d3 Qd8d7
7.Ng1e2 Ng8e7
8.O-O Ne7g6
9.Nc3d5 Bf5g4
10.f3 Bg4e6
 { time }
0-1

[Event "Tourn. n10135"]
[Site "www.echecsemail.com"]
[Date "2019.08.23"]
[Round "1"]
[White "Cal"]
[Black "Picifarkinca"]
[WhiteElo "1640"]
[BlackElo "1760"]
[Result "1-0"]
[Round "1"]
1.c4 e5
2.e4 Ng8f6
3.d3 c6
4.a3 d5
5.exd5 cxd5
6.Nb1c3 dxc4
7.dxc4 Qd8xd1
8.Nc3xd1 Nb8c6
9.Bc1e3 Bc8e6
10.h3 Bf8e7
11.Ng1f3 O-O
12.b3 Rf8d8
13.Nd1c3 h6
14.Bf1e2 Be6f5
15.O-O Bf5d3
16.Be2xd3 Rd8xd3
17.Ra1c1 Be7xa3
18.Rc1c2 Ra8d8
19.Nc3b5 Rd3xe3
20.fxe3 Ba3c5
21.Rc2e2 Nf6e4
22.Nb5c7 Ne4g3
23.Rf1e1 Ng3xe2
24.Re1xe2 Rd8d1
25.Nf3e1 Bc5b4
26.Kf2 Rd1b1
27.Ne1c2 Bb4a5
28.Nc2a3 Rb1xb3
29.Na3b5 a6
30.Nb5d6 Ba5xc7
31.Nd6f5 Rb3c3
32.e4 Bc7b6
33.Kf1 Rc3xc4
34.Nf5d6 Rc4c1
35.Re2e1  { time }
1-0

[Event "Tourn. n10184"]
[Site "www.echecsemail.com"]
[Date "2019.08.23"]
[Round "1"]
[White "Tonino1"]
[Black "Add"]
[WhiteElo "2130"]
[BlackElo "2070"]
[Result "0-1"]
[Round "1"]
1.f4 d5
2.d4 Ng8f6
3.e3 Bc8f5
4.Ng1f3 e6
5.Bf1d3 Nf6e4
6.O-O a6
7.Qd1e2 Nb8c6
8.c3 h6
9.Nb1d2 g5
10.Nf3e5 Nc6xe5
11.fxe5 g4
12.g3 Bf8e7
13.Nd2xe4 dxe4
14.Bd3c2 h5
15.Qe2g2 Qd8d5
16.b3 h4
17.c4 Qd5d7
18.Bc2xe4 c6
19.Be4xf5 exf5
20.Bc1b2 Rh8h5
21.Ra1d1 hxg3
22.hxg3 O-O-O
23.d5 Rd8h8
24.e6 Rh5h1
25.Qg2xh1 Rh8xh1
26.Kxh1 fxe6
27.dxe6 Qd7xe6
28.Rf1e1 Qe6e4
29.Kh2 Qe4c2
 { time }
0-1

[Event "Match"]
[Site "www.echecsemail.com"]
[Date "2019.08.23"]
[Round "1"]
[White "Ssharp"]
[Black "Tonino1"]
[WhiteElo "2350"]
[BlackElo "2130"]
[Result "1/2-1/2"]
[Round "1"]
1.e4 d6
2.d4 Ng8f6
3.Nb1d2 c6
4.Bf1d3 e5
5.c3 g6
6.Ng1f3 Qd8c7
7.O-O Bf8g7
8.dxe5 dxe5
9.h3 h6
10.Nd2c4 Nb8d7
11.Bc1e3 O-O
12.Qd1d2 Kh7
13.Ra1d1 b5
14.Nc4a3 a6
15.Na3c2 c5
16.Nc2e1 Bc8b7
17.c4 Nf6xe4
18.Bd3xe4 Bb7xe4
19.Qd2xd7 Qc7xd7
20.Rd1xd7 bxc4
21.Nf3d2 Be4c6
22.Be3xc5 Bc6xd7
23.Bc5xf8 Bg7xf8
24.Nd2xc4 Bd7b5
25.b3 Ra8c8
26.Ne1f3 f6
27.Nf3d2 Bf8b4
28.Rf1b1 Rc8d8
29.Rb1b2 a5
30.Rb2c2 Rd8d3
31.a3 Bb5xc4
32.Nd2xc4 Rd3c3
33.Rc2b2 Bb4c5
34.a4 Bc5b4
35.h4 g5
36.hxg5 hxg5
37.Kh2 e4
38.Kh1 Rc3c1
39.Kh2 f5
40.g3 Kg6
41.Kg2 f4
42.gxf4 gxf4
43.Kh2 Rc1c3
44.Kg2 e3
45.fxe3 fxe3
46.Kf3 Kf6
47.Ke2 Kf5
48.Nc4xe3 Ke4
49.Ne3c4 Kd4
50.Rb2d2 { draw }
1/2-1/2

[Event "Match"]
[Site "www.echecsemail.com"]
[Date "2019.08.23"]
[Round "1"]
[White "Tonino1"]
[Black "Paco"]
[WhiteElo "2130"]
[BlackElo "1940"]
[Result "1-0"]
[Round "1"]
1.f4 d5
2.d4 Nb8c6
3.e3 Bc8f5
4.c3 Ng8f6
5.Ng1f3 e6
6.Bf1d3 Bf5xd3
7.Qd1xd3 Nf6e4
8.Nb1d2 f5
9.O-O Qd8f6
10.Nf3e5 Nc6xe5
11.fxe5 c5
12.exf6 c4
13.fxg7 Bf8xg7
14.Qd3e2 O-O-O
15.Nd2xe4 fxe4
{ time. }
1-0

[Event "Tourn. n10184"]
[Site "www.echecsemail.com"]
[Date "2019.08.23"]
[Round "1"]
[White "Add"]
[Black "Apdash"]
[WhiteElo "2070"]
[BlackElo "2170"]
[Result "1-0"]
[Round "1"]
1.e4 c5
2.Bf1c4 e6
3.Nb1c3 a6
4.a3 b5
5.Bc4a2 Bc8b7
6.d3 Ng8f6
7.Bc1g5 Bf8e7
8.Ng1f3 O-O
9.Qd1d2 b4
10.axb4 cxb4
11.Nc3e2 d5
12.e5 Nf6d7
13.Bg5xe7 Qd8xe7
14.d4 f5
15.c3 a5
16.Ba2b3 Nb8c6
17.O-O h6
18.Qd2f4 Bb7a6
19.Rf1e1 Ba6d3
20.Ne2g3 g5
21.Qf4d2 Bd3e4
22.Kh1 Nd7b6
23.Qd2e2 a4
24.Bb3c2 b3
25.Bc2xe4 fxe4
26.Nf3d2 Qe7f7
27.Re1f1 Ra8a5
28.f3 Ra5a8
29.fxe4 Qf7e7
30.exd5 Nb6xd5
31.Ng3e4 a3
32.Nd2xb3 Nd5f4
33.Qe2c2 axb2
34.Ra1xa8 Rf8xa8
35.Ne4f6 Kh8
36.Qc2xb2 Qe7b7
37.Qb2c2 Ra8a3
38.Nb3c5 Qb7e7
39.h3 Ra3a7
40.Kh2 Nf4d5
41.Nf6xd5 exd5
42.Qc2g6 Qe7g7
43.Qg6xc6 { resign }
1-0

[Event "Tourn. n10132"]
[Site "www.echecsemail.com"]
[Date "2019.08.24"]
[Round "1"]
[White "Seger"]
[Black "Obisporey"]
[WhiteElo "2800"]
[BlackElo "2580"]
[Result "1-0"]
[Round "1"]
1.d4 d5
2.c4 e6
3.e3 Ng8f6
4.Ng1f3 b6
5.b3 Bc8b7
6.Bc1b2 Bf8d6
7.Bf1d3 O-O
8.O-O Nb8d7
9.Qd1e2 a6
10.Nf3e5 c5
11.Rf1d1 Qd8c7
12.f4 dxc4
13.bxc4 cxd4
14.exd4 b5
15.Nb1a3 Rf8c8
16.c5 Nd7xc5
17.dxc5 Bd6xc5
18.Kh1 Nf6d5
19.Bd3e4 Nd5xf4
20.Qe2f3 Bb7xe4
21.Qf3xe4 Nf4d5
22.Na3c2 f5
23.Qe4f3 Nd5f6
24.Qf3b3 Rc8e8
25.Nc2e3 Bc5xe3
26.Qb3xe3 Ra8d8
27.Rd1c1 Qc7d6
28.Ra1b1 Rd8c8
29.Qe3a7 Rc8xc1
30.Rb1xc1 Qd6d2
31.Bb2a3 h6
32.Qa7f7 Kh7
33.h3 a5
34.Ne5f3 Qd2d7
35.Qf7xd7 Nf6xd7
36.Rc1c7 Nd7f6
37.Ba3b2 Kg8
38.Kh2 Re8b8
39.Rc7e7 Rb8b6
40.Re7a7 Rb6d6
41.Ra7xa5 b4
42.Ra5a8 Kh7
43.Ra8a4 Rd6b6
44.Bb2d4 Rb6b5
45.Bd4xf6 gxf6
46.Ra4a6 e5
47.Ra6xf6 f4
48.Rf6e6 Rb5a5
49.Re6xe5 Ra5xa2
50.Re5b5 Ra2b2
51.Nf3e5 Rb2e2
52.Rb5b7 { resign }
1-0

[Event "Tourn. n10181"]
[Site "www.echecsemail.com"]
[Date "2019.08.24"]
[Round "1"]
[White "Picifarkinca"]
[Black "Fereike"]
[WhiteElo "1730"]
[BlackElo "1610"]
[Result "0-1"]
[Round "1"]
1.e4 e5
2.Ng1f3 Nb8c6
3.Bf1b5 a6
4.Bb5a4 d6
5.c4 Bc8d7
6.Nb1c3 Ng8f6
7.d4 Nc6xd4
8.Ba4xd7 Qd8xd7
9.O-O Nd4xf3
10.Qd1xf3 c6
 { time }
0-1

[Event "Tourn. n10142"]
[Site "www.echecsemail.com"]
[Date "2019.08.24"]
[Round "1"]
[White "D4minance"]
[Black "Numanoid"]
[WhiteElo "2790"]
[BlackElo "2770"]
[Result "1/2-1/2"]
[Round "1"]
1.d4 e6
2.c4 d5
3.Ng1f3 c6
4.g3 dxc4
5.Bf1g2 b5
6.O-O Bc8b7
7.Nf3e5 Qd8c7
8.b3 cxb3
9.axb3 Ng8f6
10.Nb1c3 a6
11.e4 c5
12.Rf1e1 Nb8d7
13.Nc3d5 exd5
14.exd5 Nd7xe5
15.Re1xe5 Bf8e7
16.d6 Qc7xd6
17.Bg2xb7 Ra8a7
18.Bb7f3 cxd4
19.Re5xb5 axb5
20.Ra1xa7 O-O
21.Bc1f4 Qd6b4
22.Ra7b7 Be7d6
23.Bf4g5 Rf8e8
24.Kg2 Qb4c5
25.Bg5xf6 gxf6
26.Qd1d3 Re8e5
27.Bf3e2 Qc5d5
28.Qd3f3 Qd5xf3
29.Kxf3 Re5f5
30.Kg2 Rf5d5
31.Be2d3 Kg7
32.Rb7d7 f5
33.f4 Kf6
34.Kf3 h5
35.Rd7d8 Ke7
36.Rd8h8 Rd5c5
37.Rh8xh5 Rc5c3
38.Ke2 Rc3xb3
39.Rh5xf5 Rb3b2
40.Kf3 Rb2xh2
41.Rf5xb5 { draw }
1/2-1/2

[Event "Tourn. n10180"]
[Site "www.echecsemail.com"]
[Date "2019.08.24"]
[Round "1"]
[White "Ejner"]
[Black "Conde7"]
[WhiteElo "2510"]
[BlackElo "2870"]
[Result "0-1"]
[Round "1"]
1.c4 Ng8f6
2.Nb1c3 e5
3.Ng1f3 Nb8c6
4.g3 d5
5.cxd5 Nf6xd5
6.Bf1g2 Bf8c5
7.Nf3xe5 Nd5xc3
8.Bg2xc6 bxc6
9.bxc3 Qd8d5
10.Ne5f3 Bc8h3
11.Qd1b3 Qd5h5
12.d4 Bc5d6
13.Qb3c4 O-O
14.Qc4xc6 Ra8b8
15.Nf3g5 Rb8e8
{ resign }
0-1

[Event "Tourn. n10174"]
[Site "www.echecsemail.com"]
[Date "2019.08.24"]
[Round "1"]
[White "Conde7"]
[Black "Tartan"]
[WhiteElo "2870"]
[BlackElo "2500"]
[Result "1-0"]
[Round "1"]
1.e4 e5
2.Ng1f3 Nb8c6
3.Nb1c3 Ng8f6
4.Bf1b5 Bf8b4
5.O-O O-O
6.d3 Bb4xc3
7.bxc3 d6
8.Bc1g5 Qd8e7
9.Rf1e1 Nc6d8
10.a4 h6
11.Bg5c1 a6
12.Bb5c4 Bc8e6
13.Bc4xe6 fxe6
14.d4 Nd8f7
15.dxe5 Nf7xe5
16.Nf3xe5 dxe5
17.Bc1a3 c5
18.Qd1e2  { time }
1-0

[Event "Match"]
[Site "www.echecsemail.com"]
[Date "2019.08.24"]
[Round "1"]
[White "Tonino1"]
[Black "Double2dutch"]
[WhiteElo "2130"]
[BlackElo "2190"]
[Result "1/2-1/2"]
[Round "1"]
1.f4 g6
2.d4 Bf8g7
3.e3 d6
4.Ng1f3 a6
5.Bf1d3 Nb8d7
6.O-O e6
7.Nb1d2 Ng8e7
8.c3 O-O
9.Qd1e2 c5
10.e4 cxd4
11.cxd4 Nd7b6
12.b3 e5
13.fxe5 dxe5
14.d5 f5
15.Nd2c4 Nb6xd5
16.Nc4xe5 fxe4
17.Bd3xe4 Nd5c3
18.Qe2c4 Ne7d5
19.Bc1b2 Nc3xe4
20.Qc4xe4 Bc8f5
21.Qe4d4 Qd8b6
22.Qd4xb6 Nd5xb6
23.Ra1c1 Ra8c8
24.Bb2a3 Rf8e8
25.Ba3b2 Nb6d7
26.Rc1xc8 Re8xc8
27.Ne5c4 Bg7xb2
28.Nc4xb2 Rc8c2
29.Rf1f2 Rc2c1
30.Rf2f1 Rc1c2
31.Rf1f2 Rc2c1
32.Rf2f1 Rc1c2
33.Rf1f2 { draw }
1/2-1/2

[Event "Tourn. n10177"]
[Site "www.echecsemail.com"]
[Date "2019.08.24"]
[Round "1"]
[White "Esperanza"]
[Black "Galiany17"]
[WhiteElo "1980"]
[BlackElo "2179"]
[Result "0-1"]
[Round "1"]
1.e4 e5
2.Ng1f3 Nb8c6
3.Bf1c4 Bf8c5
4.O-O Ng8f6
5.d3 d6
6.c3 O-O
7.Bc4b3 h6
8.Nb1d2 a5
9.h3 Rf8e8
10.Rf1e1 Bc8e6
11.Bb3c2 d5
12.exd5 Qd8xd5
13.Nd2f1 b5
14.Bc1e3 Bc5xe3
15.Nf1xe3 Qd5c5
16.Ne3f1 Be6d5
17.Nf1g3 Ra8d8
18.Qd1e2 g6
19.Qe2e3 Qc5xe3
20.Re1xe3 Kg7
21.Ra1e1 Bd5xf3
22.Re3xf3 Nf6d7
23.Rf3e3 Nd7b6
24.f4 Nb6d5
25.Re3e4 f5
26.Re4e2 Nd5xf4
27.Re2e3 a4
28.d4 a3
29.dxe5 Rd8d2
{ resign }
0-1

[Event "Match"]
[Site "www.echecsemail.com"]
[Date "2019.08.24"]
[Round "1"]
[White "Bojan"]
[Black "Zubarev"]
[WhiteElo "1950"]
[BlackElo "1739"]
[Result "1-0"]
[Round "1"]
1.e4 e5
2.Ng1f3 Nb8c6
3.d4 exd4
4.Nf3xd4 Ng8e7
5.Nb1c3 Nc6xd4
6.Qd1xd4 Ne7c6
7.Qd4a4 d6
8.Nc3d5 Bc8d7
9.c3 Bf8e7
10.Qa4c2 O-O
11.Bf1d3 g6
12.Nd5xe7 Nc6xe7
13.Bc1h6 Rf8e8
14.f3 Ne7c6
15.Qc2f2 Nc6e5
16.Bd3c2 f6
17.Qf2d4 Ne5f7
18.Bh6d2 Bd7c6
19.Bc2b3 Kg7
20.O-O-O Qd8e7
21.Rd1e1 a5
22.a3 Qe7e5
23.Qd4e3 Ra8d8
24.g3 d5
25.Qe3c5 dxe4
26.Qc5c4 Re8e7
27.Bb3c2 Nf7d6
28.Qc4b3 Qe5c5
29.fxe4 Bc6xe4
30.Rh1f1 Be4xc2
31.Qb3xc2 Re7xe1
32.Rf1xe1 Nd6c4
33.Re1e2 Nc4e5
34.Bd2e3 Qc5d5
35.Be3d4 Ne5c4
36.Qc2d3 c5
37.Re2e4 cxd4
38.Re4xd4 Qd5g5
39.Kc2 Rd8xd4
40.Qd3f3  { time }
1-0

[Event "Match"]
[Site "www.echecsemail.com"]
[Date "2019.08.24"]
[Round "1"]
[White "Fereike"]
[Black "Picifarkinca"]
[WhiteElo "1540"]
[BlackElo "1730"]
[Result "1-0"]
[Round "1"]
1.d4 e6
2.e4 d5
3.Nb1d2 e5
4.dxe5 d4
5.Nd2b3 c5
6.Bf1c4 Nb8c6
7.f4 f6
8.Ng1f3 Bc8g4
9.O-O Qd8d7
10.exf6 Ng8xf6
11.Qd1e1  { time }
1-0

[Event "Tourn. n10184"]
[Site "www.echecsemail.com"]
[Date "2019.08.24"]
[Round "1"]
[White "Apdash"]
[Black "Tonino1"]
[WhiteElo "2170"]
[BlackElo "2130"]
[Result "1-0"]
[Round "1"]
1.d4 d6
2.c4 Ng8f6
3.Nb1c3 c6
4.e4 Qd8a5
5.Bc1d2 g6
6.Nc3d5 Qa5d8
7.Nd5xf6 exf6
8.Qd1c2 Bf8g7
9.Bf1d3 O-O
10.f4 Nb8d7
11.Ng1f3 Rf8e8
12.O-O-O Nd7f8
13.h4 Bc8g4
14.Rd1f1 d5
15.exd5 cxd5
16.c5 b6
17.c6 Qd8d6
18.Nf3h2 f5
19.Nh2xg4 fxg4
20.h5 f5
21.hxg6 hxg6
22.Bd3b5 a6
23.Bb5a4 b5
24.Ba4b3 Ra8c8
25.Kb1 Rc8xc6
26.Qc2d3 Re8c8
27.a3 Nf8e6
28.Bd2b4 Qd6c7
29.Bb3xd5 Qc7d7
30.Bd5xc6 Rc8xc6
31.d5 Rc6c4
32.g3 Rc4d4
33.dxe6 Rd4xd3
34.exd7 Rd3xd7
35.Rf1d1  { time }
1-0

[Event "Tourn. n10181"]
[Site "www.echecsemail.com"]
[Date "2019.08.24"]
[Round "1"]
[White "Passaroa25"]
[Black "Picifarkinca"]
[WhiteElo "1790"]
[BlackElo "1730"]
[Result "1-0"]
[Round "1"]
1.Nb1c3 c5
2.Ng1f3 Nb8c6
3.g3 d5
4.d3 e5
5.Bc1g5 f6
6.Bg5d2 Bc8e6
7.e3 Ng8e7
8.Bf1e2 Qd8d7
9.O-O g5
10.Nf3e1  { time }
1-0

[Event "Tourn. n10178"]
[Site "www.echecsemail.com"]
[Date "2019.08.24"]
[Round "1"]
[White "Estonia"]
[Black "Dussek"]
[WhiteElo "2010"]
[BlackElo "1940"]
[Result "1-0"]
[Round "1"]
1.e4 e6
2.d4 d5
3.e5 c5
4.Bf1b5 Bc8d7
5.c4 a6
6.Bb5xd7 Qd8xd7
7.Ng1f3 Nb8c6
8.cxd5 exd5
9.Bc1e3 c4
10.Nb1c3 Bf8b4
11.O-O Ng8e7
12.a3 Bb4a5
13.b4 Ba5c7
14.Qd1c2 g6
15.Nf3g5 O-O
16.f4 Ne7f5
17.Ra1e1 Nf5xe3
18.Re1xe3 Nc6xd4
19.Qc2b1 Nd4b3
20.Rf1d1 d4
21.Nc3e4 Qd7e7
22.Ne4f6 Kg7
23.Re3xb3 cxb3
24.Qb1xb3 Ra8d8
25.Ng5xh7 Rf8h8
26.Qb3f3 Bc7b6
27.Nh7g5 d3
28.Kh1 d2
29.Ng5e4 Qe7e6
30.g4 Qe6c4
31.Ne4xd2 Qc4c2
32.Nf6e4 Qc2d3
33.Rd1f1 Qd3xf3
34.Rf1xf3 Rd8c8
35.Rf3c3 Rc8d8
36.Kg2 Bb6d4
37.Rc3c7 b6
38.Ne4d6 Rh8f8
39.Nd2f3 Bd4e3
40.Kg3 b5
41.h4 Be3b6
42.Rc7b7 Bb6d4
43.Nf3xd4 { resign }
1-0

[Event "Tourn. n10179"]
[Site "www.echecsemail.com"]
[Date "2019.08.24"]
[Round "1"]
[White "Galiany17"]
[Black "Reignblowcan"]
[WhiteElo "2259"]
[BlackElo "2660"]
[Result "1/2-1/2"]
[Round "1"]
1.d4 c6
2.e4 d5
3.Nb1c3 dxe4
4.Nc3xe4 Bc8f5
5.Ne4g3 Bf5g6
6.h4 h6
7.Ng1f3 Nb8d7
8.h5 Bg6h7
9.Bf1d3 Bh7xd3
10.Qd1xd3 e6
11.Bc1f4 Qd8a5
12.Bf4d2 Qa5c7
13.Ng3e4 Ng8f6
14.Ne4xf6 Nd7xf6
15.O-O-O Bf8d6
16.Kb1 a5
17.Qd3e2 a4
18.g4 a3
19.b3 b5
20.g5 hxg5
21.Nf3xg5 Bd6e7
22.Ng5f3 Nf6d5
23.Qe2e5 Qc7xe5
24.Nf3xe5 c5
25.dxc5 Be7xc5
26.f4 Ra8d8
27.Rd1e1 Nd5e7
28.Bd2a5 Rd8d5
29.c4 bxc4
30.bxc4 Rd5d6
31.Rh1h3 Ne7f5
32.Rh3b3 O-O
33.Rb3b7 Rd6a6
34.Ba5b4 Bc5xb4
35.Rb7xb4 Rf8c8
36.c5 f6
37.Ne5d3 Ra6a7
38.Re1c1 Nf5e7
39.Kc2 Ne7d5
40.Rb4e4 Kf7
41.Rc1e1 Rc8e8
42.Re1h1 Re8h8
{ draw }
1/2-1/2

[Event "Tourn. n10170"]
[Site "www.echecsemail.com"]
[Date "2019.08.24"]
[Round "1"]
[White "Numanoid"]
[Black "Fantomas"]
[WhiteElo "2760"]
[BlackElo "2200"]
[Result "1-0"]
[Round "1"]
1.d4 e6
2.e4 d5
3.e5 c5
4.c3 Nb8c6
5.Ng1f3 h6
6.Bf1d3 c4
7.Bd3c2 a6
8.O-O Ng8e7
9.b3 b5
10.a4 Bc8b7
11.Nb1d2 Qd8c7
12.axb5 axb5
13.Ra1xa8 Bb7xa8
14.Bc1a3 Ne7g6
15.Qd1a1 Bf8xa3
16.Qa1xa3 Qc7b7
17.Rf1a1 Kd7
18.Bc2xg6 fxg6
19.Qa3d6 { resign }
1-0

[Event "Match"]
[Site "www.echecsemail.com"]
[Date "2019.08.24"]
[Round "1"]
[White "Numanoid"]
[Black "Telexmweene"]
[WhiteElo "2770"]
[BlackElo "2260"]
[Result "1-0"]
[Round "1"]
1.e4 c5
2.Ng1f3 d6
3.Bf1b5 Bc8d7
4.Bb5xd7 Nb8xd7
5.O-O Ng8f6
6.Qd1e2 e5
7.c3 Bf8e7
8.d4 cxd4
9.cxd4 exd4
10.Nf3xd4 O-O
11.Nb1c3 a6
12.Nd4f5 Nf6e8
13.Nc3d5 Be7f6
14.Bc1f4 Nd7b6
15.Nd5xf6 Qd8xf6
16.Ra1d1 d5
17.Qe2g4 Kh8
18.exd5 Ra8c8
19.Bf4g5 Qf6e5
20.Rf1e1 Ne8f6
21.Qg4f3 Qe5xb2
22.Rd1b1 Qb2xa2
23.Bg5xf6 gxf6
24.Rb1xb6 { resign }
1-0

[Event "1/16 Finale"]
[Site "www.chess-mail.com"]
[Date "2019.08.24"]
[Round "1"]
[White "Reignblowcan"]
[Black "Dougbeer"]
[WhiteElo "2630"]
[BlackElo "2540"]
[Result "1-0"]
[Round "1"]
1.c4 e6
2.e4 d5
3.e5 c5
4.Nb1c3 Nb8c6
5.Ng1f3 d4
6.Nc3e4 Qd8c7
7.b4 Nc6xb4
8.d3 f5
9.exf6 Ng8xf6
10.Ne4xf6 gxf6
11.a3 Nb4c6
12.Nf3d2 Qc7g7
13.g3 Bc8d7
14.Bf1g2 h5
15.Ra1b1 O-O-O
16.h4 Kb8
17.Nd2e4 e5
18.Rb1b5 b6
19.Qd1b3 Kc7
20.O-O Rd8b8
21.Qb3d1 Bf8e7
22.Rb5b2 Nc6d8
23.f4 Nd8f7
24.fxe5 fxe5
25.Rb2f2 Rb8f8
26.Ne4f6 Be7xf6
27.Rf2xf6 Nf7d6
28.Bc1g5 e4
29.dxe4 Rf8e8
30.Rf6xd6 Kxd6
31.Rf1f6 Kc7
32.e5 { resign }
1-0

[Event "1/64 Finale"]
[Site "www.chess-mail.com"]
[Date "2019.08.24"]
[Round "1"]
[White "Picifarkinca"]
[Black "Fereike"]
[WhiteElo "1730"]
[BlackElo "1610"]
[Result "0-1"]
[Round "1"]
1.e4 e5
2.Ng1f3 Nb8c6
3.Bf1b5 a6
4.Bb5a4 Ng8f6
5.O-O Bf8e7
6.Rf1e1 b5
7.Ba4b3 O-O
 { time }
0-1

[Event "Tourn. n10183"]
[Site "www.echecsemail.com"]
[Date "2019.08.25"]
[Round "1"]
[White "Seger"]
[Black "Conde7"]
[WhiteElo "2820"]
[BlackElo "2870"]
[Result "1/2-1/2"]
[Round "1"]
1.d4 Ng8f6
2.c4 e6
3.Nb1c3 Bf8b4
4.Qd1c2 d5
5.Bc1g5 dxc4
6.Ng1f3 b5
7.a4 c6
8.g3 Nb8d7
9.Bf1g2 Bc8b7
10.O-O Qd8b6
11.Nf3e5 a6
12.Ne5xd7 Nf6xd7
13.Bg5e3 O-O
14.Rf1d1 Qb6c7
15.Nc3e4 Bb4e7
16.Be3f4 Qc7c8
17.b3 cxb3
18.Qc2xb3 Rf8d8
19.Bf4d6 Be7xd6
20.Ne4xd6 Qc8b8
21.Nd6e4 c5
22.Ne4xc5 Bb7xg2
23.Kxg2 b4
24.a5 Nd7xc5
25.dxc5 Rd8xd1
26.Ra1xd1 Qb8b5
27.Rd1d6 Qb5xa5
28.Qb3c4 h6
29.Rd6b6 Ra8c8
30.Rb6xb4 Rc8xc5
31.Rb4b8 Kh7
32.Qc4e4 Rc5f5
{ draw }
1/2-1/2

[Event "Match"]
[Site "www.echecsemail.com"]
[Date "2019.08.25"]
[Round "1"]
[White "Bojan"]
[Black "Mitja"]
[WhiteElo "2030"]
[BlackElo "1860"]
[Result "1/2-1/2"]
[Round "1"]
1.e4 d5
2.exd5 Qd8xd5
3.Nb1c3 Qd5d8
4.h3 e6
5.Ng1f3 c6
6.Bf1c4 h6
7.a3 Ng8f6
8.Nf3h2 Nb8d7
9.d4 Nd7b6
10.Bc4e2 Nb6d5
11.Qd1d3 Nd5xc3
12.Qd3xc3 Bf8e7
13.Qc3d3 b6
14.Qd3g3 Be7f8
15.c3 Bc8b7
16.Bc1f4 Nf6e4
17.Qg3d3 Ne4f6
18.O-O Bf8d6
19.Qd3g3 Bd6xf4
20.Qg3xf4 O-O
21.Nh2f3 Nf6d5
22.Qf4g3 Qd8f6
23.Nf3e5 Ra8d8
24.Ne5g4 Qf6f4
25.Be2f3 Qf4xg3
26.fxg3 Bb7a6
27.Rf1f2 Rd8c8
28.Ra1c1 c5
29.dxc5 Rc8xc5
30.Ng4e5 Nd5f6
31.Ne5g4 Nf6xg4
32.Bf3xg4 Rf8d8
33.Bg4f3 Rc5c7
34.g4 g5
35.Bf3e4 Ba6b7
{ draw }
1/2-1/2

[Event "Match"]
[Site "www.echecsemail.com"]
[Date "2019.08.25"]
[Round "1"]
[White "Mitja"]
[Black "Bojan"]
[WhiteElo "1860"]
[BlackElo "2030"]
[Result "1-0"]
[Round "1"]
1.d4 d5
2.c3 h6
3.h3 e6
4.Ng1f3 c5
5.dxc5 Bf8xc5
6.e3 a6
7.b3 b5
8.Bf1e2 Bc8b7
9.Bc1b2 f6
10.b4 Bc5b6
11.a4 Nb8c6
12.axb5 axb5
13.Ra1xa8 Qd8xa8
14.Be2xb5 Ng8e7
15.O-O Kf7
16.Bb5e2 g5
17.Nf3d4 Nc6e5
18.Nb1d2 Ne7g6
19.Nd2f3 Ne5c4
20.Be2xc4 dxc4
21.Qd1e2 Bb7d5
22.Rf1a1 Qa8b7
23.Nd4b5 Qb7d7
24.Nb5d4 h5
25.Nf3d2 Qd7c8
26.Nd4b5 Ng6e5
27.Nb5d6 Kg6
28.Nd6xc8 Rh8xc8
29.Nd2f3 Ne5xf3
30.gxf3 Bd5b7
31.f4 gxf4
32.exf4 Bb7d5
33.Ra1a6 Rc8c6
34.Ra6a1 Rc6c8
35.Bb2c1 Rc8g8
36.Kf1 Kf5
37.Bc1e3 Bd5g2
38.Ke1 Bb6xe3
39.fxe3 Bg2d5
40.Qe2xh5 { resign }
1-0

[Event "Match"]
[Site "www.echecsemail.com"]
[Date "2019.08.25"]
[Round "1"]
[White "Cal"]
[Black "Zubarev"]
[WhiteElo "1640"]
[BlackElo "1739"]
[Result "1-0"]
[Round "1"]
1.c4 e5
2.e4 Ng8f6
3.a3 Bf8e7
4.d3 d6
5.h3 O-O
6.Nb1c3 Bc8e6
7.Ng1f3 Nb8d7
8.Bc1g5 c6
9.Bf1e2 Qd8b6
10.Bg5xf6 Be7xf6
11.b4 a6
12.O-O Qb6c7
13.Qd1d2 Bf6e7
14.Ra1e1 f5
15.exf5  { time }
1-0

[Event "Match"]
[Site "www.echecsemail.com"]
[Date "2019.08.25"]
[Round "1"]
[White "Zubarev"]
[Black "Bjonil60"]
[WhiteElo "1739"]
[BlackElo "1470"]
[Result "0-1"]
[Round "1"]
1.d4 d5
2.Nb1c3 e6
3.e4 Nb8c6
4.exd5 exd5
5.Ng1f3 Bc8e6
6.Bf1d3 Qd8e7
7.O-O O-O-O
8.Bc1f4 h6
9.Rf1e1 f6
10.Qd1e2 g5
11.Bf4d2 Be6g4
12.Qe2xe7 Bf8xe7
13.Bd3b5 a6
14.Bb5e2 b6
 { time }
0-1

[Event "Match"]
[Site "www.echecsemail.com"]
[Date "2019.08.25"]
[Round "1"]
[White "Gambitmiau"]
[Black "Zubarev"]
[WhiteElo "1820"]
[BlackElo "1739"]
[Result "1-0"]
[Round "1"]
1.e4 e5
2.d4 exd4
3.Bf1c4 Bf8e7
4.Qd1xd4 Be7f6
5.Qd4d5 Qd8e7
6.Nb1d2 Nb8c6
7.c3 Nc6e5
8.Nd2f3 c6
9.Qd5d1 Ne5xf3
10.Ng1xf3 Bf6e5
11.Nf3xe5 Qe7xe5
12.Qd1f3 Ng8f6
13.O-O O-O
14.Rf1e1 d6
15.Bc1f4  { time }
1-0

[Event "Match"]
[Site "www.echecsemail.com"]
[Date "2019.08.25"]
[Round "1"]
[White "Cal"]
[Black "Zubarev"]
[WhiteElo "1640"]
[BlackElo "1739"]
[Result "1-0"]
[Round "1"]
1.c4 e5
2.a3 Ng8f6
3.d3 d6
4.e4 Bc8e6
5.h3 Nb8c6
6.Bc1g5 Bf8e7
7.Nb1c3 Nc6d4
8.Bg5xf6 Be7xf6
9.Ng1f3 c5
10.b4 b6
11.Bf1e2 O-O
12.O-O Bf6e7
13.b5 f5
14.exf5  { time }
1-0

[Event "Tourn. n10200"]
[Site "www.echecsemail.com"]
[Date "2019.08.25"]
[Round "1"]
[White "Bigrezi"]
[Black "Luban"]
[WhiteElo "2180"]
[BlackElo "2170"]
[Result "1-0"]
[Round "1"]
1.d4 d5
2.c4 dxc4
3.Ng1f3 c6
4.e3 b5
5.a4 Bc8d7
6.Nf3e5 Ng8f6
7.axb5 cxb5
8.Qd1f3 Qd8c7
9.Qf3xa8 { resign }
1-0

[Event "Tourn. n10144"]
[Site "www.echecsemail.com"]
[Date "2019.08.25"]
[Round "1"]
[White "Sorim"]
[Black "Jerome"]
[WhiteElo "2210"]
[BlackElo "2199"]
[Result "0-1"]
[Round "1"]
1.d4 Ng8f6
2.c4 g6
3.Ng1f3 Bf8g7
4.Nb1c3 d5
5.e3 O-O
6.Bf1e2 c6
7.O-O Bc8g4
8.Qd1b3 Qd8b6
9.h3 Bg4xf3
10.Be2xf3 e6
11.Bc1d2 Nb8d7
12.cxd5 exd5
13.Qb3c2 a6
14.Nc3a4 Qb6d8
15.Na4c5 Nd7xc5
16.Qc2xc5 Qd8d7
17.a4 Rf8e8
18.b4 Bg7f8
19.Qc5c2 h5
20.Rf1b1 g5
21.b5 cxb5
22.axb5 g4
23.hxg4 hxg4
24.Bf3e2 a5
25.Bd2xa5 Ra8c8
26.Qc2d1 Kg7
27.Qd1d3 Bf8d6
28.g3 Re8h8
29.Kg2 Nf6e4
30.Rb1h1 Qd7f5
31.f4 gxf3
32.Be2xf3 Bd6xg3
33.Qd3e2 Qf5g5
34.Bf3g4 f5
{ resign }
0-1

[Event "Match"]
[Site "www.echecsemail.com"]
[Date "2019.08.25"]
[Round "1"]
[White "Tonino1"]
[Black "Double2dutch"]
[WhiteElo "2130"]
[BlackElo "2150"]
[Result "0-1"]
[Round "1"]
1.f4 d5
2.d4 Bc8g4
3.h3 Bg4h5
4.g4 e5
5.gxh5 Qd8h4
6.Kd2 exd4
7.e3 dxe3
8.Kxe3 Ng8f6
9.Qd1e2 Bf8c5
10.Kd3 Kd8
11.Bc1d2 Rh8e8
12.Qe2f3 Nb8d7
13.Nb1c3 Nd7e5
 { time }
0-1